| 000 | 00655cab a2200229 4500 | ||
|---|---|---|---|
| 001 | WB3219-43 | ||
| 008 | 090401t1996 xxu||||| |||| 00| 0 eng d | ||
| 035 | _a(Sirsi) u1860 | ||
| 041 | _aeng | ||
| 245 | _aTime-limits and rent arrears | ||
| 260 | _c1996 | ||
| 350 | _a0 | ||
| 490 |
_aEstates Gazette _v(9619) 11 May 1996, 123(1) |
||
| 520 | _a"Romain v Scuba TV Ltd" considered the period of time a creditor may pursue rent arrears. | ||
| 650 | _aLIMITATION ACT 1980 | ||
| 650 | _aLIMITATION PERIOD | ||
| 650 | _aRENT ARREARS | ||
| 650 | _aROMAIN V SCUBA TV LTD | ||
| 690 | _aPROPERTY-LANDLORD AND TENANT | ||
| 942 | _n0 | ||
| 948 | _c04/03/1997 | ||
| 999 |
_c1081 _d1081 |
||